| 000 | 00737nam a2200193 i 4500 | ||
|---|---|---|---|
| 001 | 85025 | ||
| 003 | ES-MaACL | ||
| 005 | 20230906175151.0 | ||
| 007 | t| | ||
| 008 | 041124s1975 sp ||||1| spa d | ||
| 100 | 1 |
_aJones, Howard W. _966850 |
|
| 245 | 1 | 0 |
_aHermafroditismo, anomalías genitales y trastornos endocrinos afines / _cpor Howard W. Jones, William Wallace Scott ; [traducción de Enrique Batlle Roca ; prólogo de la edición española Gonzalo Lloveras]. |
| 260 |
_aBarcelona : _bLabor, _c[1975] |
||
| 300 |
_aXXII, 756 p. : _bil. ; _c25 cm. |
||
| 700 | 1 |
_aScott, William Wallace. _9104960 |
|
| 700 | 1 |
_aBatlle Roca, Enrique. _926450 |
|
| 700 | 1 |
_aLloveras, Gonçal ( _d1926-) _972939 |
|
| 852 |
_aES-MaACL _jE-8807 _bR.93217 |
||
| 999 |
_c85025 _d85025 |
||